000 01059nmc a2200373 a 4500
003 AR-BaBNM
005 20251128203411.0
008 217019s1988 ||||||||||||||000 | spa||
020 _a950-508-098-0
040 _cAR-BaBNM
100 1 _aNino, Carlos Santiago
245 1 0 _aIntroducción al análisis del derecho
250 _a2ª ed. aum. y corr.
260 _aBuenos Aires
_bAstrea
_c1988
300 1 _axvi, 477 p.
490 0 _aFilosofía y derecho
_vv. 5
500 0 _aIndice general p. xi-xvi
500 0 _aIndice sinóptico e índice alfabético de autores y temas al final de la obra
504 _aBibliografía p. 447-454
600 1 4 _aKelsen, Hans
600 0 4 _aTomás de Aquino
_d1225?-1274
600 1 4 _aKant, Immanuel
650 4 _aDERECHO
650 4 _aNORMAS
650 4 _aSISTEMAS JURIDICOS
650 4 _aFUENTES DEL DERECHO
650 4 _aRESPONSABILIDAD
650 4 _aTERMINOLOGIA
650 4 _aADMINISTRACION DE JUSTICIA
650 4 _aTEORIA DEL DERECHO
650 4 _aJUECES
942 _cBK
998 _cAndrea
999 _c3214
_d3214